| 000 | 00675nam a2200229 a 4500 | ||
|---|---|---|---|
| 001 | BRCA_7380 | ||
| 005 | 20190320205820.0 | ||
| 008 | 140313s1910----mx-e######---#000-0#spa-# | ||
| 041 | _aspa | ||
| 044 | _amx | ||
| 050 | 4 |
_aF1219.1 _b.B38 1910 |
|
| 100 | 1 |
_aBatres, Leopoldo _918226 |
|
| 245 | 1 | 0 |
_aGuía para visitar los monumentos arqueológicos situados entre Puebla y Mitla _cLeopoldo Batres. |
| 260 |
_aMéxico _bTip. de F. S. Soria _c1910 |
||
| 300 |
_a18 p. _bil., planos |
||
| 500 | _aQ85 | ||
| 651 | 4 |
_aPuebla _xAntigüedades _918227 |
|
| 651 | 4 |
_aMitla, Oaxaca _xAntigüedades _918228 |
|
| 651 | 4 |
_aMéxico _xAntigüedades _92765 |
|
| 902 | _aGFM | ||
| 942 |
_2lcc _cB |
||
| 999 |
_c7056 _d7056 |
||